[Event "ENCI Limburg-open A"]
[Site "Maastricht"]
[Date "2010.05.22"]
[Round "3"]
[White "Braun, Christian1"]
[Black "Admiraal, Miguoel"]
[Result "0-1"]
[WhiteElo "2377"]
[BlackElo "2202"]
[PlyCount "70"]
[EventDate "2010.05.21"]
[EventType "swiss"]
[EventRounds "7"]
[EventCountry "NED"]
[Source "P.Boonen"]
[SourceDate "2010.10.01"]

1. e4 c5 2. Nf3 e6 3. d3 Nc6 4. g3 g6 5. Bg2 Bg7 6. O-O Nge7 7. Nbd2 O-O 8. Re1
e5 9. c3 d6 10. a3 h6 11. b4 b6 12. Bb2 Be6 13. b5 Na5 14. Qe2 Qd7 15. a4 f5
16. exf5 gxf5 17. c4 Rae8 18. Nh4 Bf7 19. Bh3 Bf6 20. Ng2 Bg6 21. f4 Nc8 22.
Qf2 Qg7 23. fxe5 dxe5 24. Rad1 Nd6 25. Rf1 f4 26. gxf4 Bxd3 27. Rfe1 e4 28.
Bxf6 Qxf6 29. Re3 Naxc4 30. Nxc4 Nxc4 31. Rg3+ Kh8 32. f5 Qd4 33. Nf4 e3 34.
Ng6+ Kh7 35. Nxf8+ Rxf8 0-1

[Event "ENCI Limburg-open A"]
[Site "Maastricht"]
[Date "2010.05.22"]
[Round "3"]
[White "De Reymaeker, Walter"]
[Black "Vogel, Jaap"]
[Result "0-1"]
[WhiteElo "2028"]
[BlackElo "2210"]
[PlyCount "98"]
[EventDate "2010.05.21"]
[EventType "swiss"]
[EventRounds "7"]
[EventCountry "NED"]
[Source "P.Boonen"]
[SourceDate "2010.10.01"]

1. e4 e6 2. d4 d5 3. e5 c5 4. c3 Nc6 5. Nf3 Qb6 6. a3 Nh6 7. b4 cxd4 8. cxd4
Nf5 9. Bb2 Bd7 10. g4 Nfe7 11. Nc3 Na5 12. Qc2 Nc4 13. Bxc4 dxc4 14. Nd2 Ng6
15. Nxc4 Qc6 16. Ne4 Nf4 17. Kd2 Qd5 18. Ncd6+ Bxd6 19. Nxd6+ Ke7 20. Qc5 Qxc5
21. dxc5 h5 22. g5 Bc6 23. Rhg1 a6 24. a4 Nh3 25. Rg3 Nxf2 26. Re1 h4 27. Ra3
Rh5 28. Bd4 Ng4 29. Rf1 Rf8 30. h3 Rxg5 31. hxg4 Rxg4 32. Bc3 h3 33. b5 Bg2 34.
Rc1 h2 35. Raa1 Rh8 36. Rf1 Bxf1 37. Rxf1 Rg2+ 38. Kd3 Rh3+ 39. Kc4 Rg4+ 40.
Kb3 f5 41. c6 bxc6 42. b6 Rgg3 43. b7 Rxc3+ 44. Kb4 Rb3+ 45. Ka5 Rxb7 46. Ra1
Rb2 47. Nc4 Ra2 48. Rb1 h1=Q 49. Rb7+ Kf8 0-1

[Event "ENCI Limburg-open A"]
[Site "Maastricht"]
[Date "2010.05.22"]
[Round "3"]
[White "Ducarmon, Quinten"]
[Black "Rendboe, John"]
[Result "1-0"]
[WhiteElo "2203"]
[BlackElo "2274"]
[PlyCount "49"]
[EventDate "2010.05.21"]
[EventType "swiss"]
[EventRounds "7"]
[EventCountry "NED"]
[Source "P.Boonen"]
[SourceDate "2010.10.01"]

1. e4 c5 2. Nf3 Nc6 3. d4 cxd4 4. Nxd4 e5 5. Nb5 Nf6 6. N1c3 d6 7. Bg5 a6 8.
Na3 b5 9. Nd5 Be7 10. Bxf6 Bxf6 11. c4 b4 12. Nc2 Rb8 13. b3 O-O 14. g3 a5 15.
Bg2 Bg5 16. O-O Ne7 17. Nce3 Bxe3 18. Nxe3 Be6 19. Qd3 Qb6 20. Nf5 Nxf5 21.
exf5 Bc8 22. Rad1 Rd8 23. Rfe1 Ba6 24. Bd5 h6 25. f6 1-0

[Event "ENCI Limburg-open A"]
[Site "Maastricht"]
[Date "2010.05.22"]
[Round "3"]
[White "Fedorchuk, Sergey A"]
[Black "Brandenburg, Daan"]
[Result "1/2-1/2"]
[WhiteElo "2646"]
[BlackElo "2503"]
[PlyCount "94"]
[EventDate "2010.05.21"]
[EventType "swiss"]
[EventRounds "7"]
[EventCountry "NED"]
[Source "P.Boonen"]
[SourceDate "2010.10.01"]

1. e4 c5 2. Nf3 e6 3. d4 cxd4 4. Nxd4 Nc6 5. Nc3 Qc7 6. Be2 a6 7. O-O Nf6 8.
Be3 Bb4 9. Na4 Be7 10. Nxc6 bxc6 11. Nb6 Rb8 12. Nxc8 Qxc8 13. Bd4 Qc7 14. e5
Nd5 15. c4 Nf4 16. g3 c5 17. Bc3 Nh3+ 18. Kg2 Ng5 19. Bd3 Qc6+ 20. f3 f6 21.
Qe2 f5 22. Rad1 h5 23. Bc2 a5 24. Rd3 a4 25. Qd1 Ra8 26. Be1 Nf7 27. Ra3 Nxe5
28. Bxa4 Qb7 29. Bc3 Nc6 30. Bxc6 Qxc6 31. Rxa8+ Qxa8 32. a4 Kf7 33. a5 Qc6 34.
Qb3 h4 35. Rd1 hxg3 36. hxg3 e5 37. Qc2 e4 38. fxe4 Qh6 39. Qd3 Qh2+ 40. Kf3
Qh5+ 41. Kf2 Qh2+ 42. Ke1 f4 43. Qd5+ Kf8 44. Qf5+ Kg8 45. Qd5+ Kf8 46. Qf5+
Kg8 47. Qd5+ Kf8 1/2-1/2

[Event "ENCI Limburg-open A"]
[Site "Maastricht"]
[Date "2010.05.22"]
[Round "3"]
[White "Friesen, Boris"]
[Black "Bomans, Arno"]
[Result "1-0"]
[WhiteElo "2080"]
[BlackElo "2187"]
[PlyCount "97"]
[EventDate "2010.05.21"]
[EventType "swiss"]
[EventRounds "7"]
[EventCountry "NED"]
[Source "P.Boonen"]
[SourceDate "2010.10.01"]

1. e4 c5 2. c3 d5 3. exd5 Qxd5 4. d4 Nf6 5. Nf3 e6 6. Bd3 Nc6 7. O-O cxd4 8.
cxd4 Be7 9. Nc3 Qd6 10. Bg5 O-O 11. Qe2 Nb4 12. Ne4 Qd8 13. Bb1 Nbd5 14. Ne5
Qb6 15. Rd1 Rd8 16. Bxf6 Bxf6 17. Bc2 Bd7 18. Bb3 Be8 19. Rac1 Be7 20. Qf3 Nf6
21. Nc5 Rac8 22. Nc4 Qc6 23. Nxb7 Qxf3 24. gxf3 Rd5 25. Ne5 Rxc1 26. Rxc1 Rxd4
27. Rc8 Kf8 28. Nc6 Rd7 29. Nba5 Bd6 30. Ra8 Bc5 31. Ne5 Rc7 32. Ba4 Bd4 33.
Nec6 Bxb2 34. Nxa7 Rxa7 35. Rxa7 Bxa4 36. Nc4 Bc6 37. Nxb2 Bxf3 38. a4 Nd5 39.
Nc4 Nf4 40. Nd6 f6 41. a5 Ne2+ 42. Kf1 Nd4 43. Rf7+ Kg8 44. Rc7 h5 45. Ke1 Bd5
46. a6 Nf3+ 47. Ke2 Nxh2 48. a7 h4 49. Nb7 1-0

[Event "ENCI Limburg-open A"]
[Site "Maastricht"]
[Date "2010.05.22"]
[Round "3"]
[White "Gharamian, Tigran"]
[Black "Hovhanisian, Mher"]
[Result "1-0"]
[WhiteElo "2632"]
[BlackElo "2482"]
[PlyCount "76"]
[EventDate "2010.05.21"]
[EventType "swiss"]
[EventRounds "7"]
[EventCountry "NED"]
[Source "P.Boonen"]
[SourceDate "2010.10.01"]

1. Nf3 d5 2. d4 Nf6 3. c4 c6 4. Qc2 a6 5. Bf4 e6 6. e3 Nbd7 7. Nbd2 c5 8. dxc5
Bxc5 9. Be2 O-O 10. O-O b6 11. Rfd1 Bb7 12. Rac1 Rc8 13. Qb1 Qe7 14. Nb3 e5 15.
Bg3 dxc4 16. Nxc5 Rxc5 17. Rxc4 Rxc4 18. Bxc4 Rc8 19. Bf1 b5 20. Rc1 Rc5 21. b4
Rxc1 22. Qxc1 Qd6 23. Qb2 Bxf3 24. gxf3 Nh5 25. Qc3 Nxg3 26. hxg3 g6 27. a3 Nb6
28. Bd3 h5 29. Kg2 Kh7 30. Be4 Nc4 31. Bb7 Qd1 32. e4 Qd7 33. Bd5 Qc7 34. a4
Qe7 35. axb5 axb5 36. Bc6 Nd6 37. Qc5 Qf6 38. f4 exf4 1-0

[Event "ENCI Limburg-open A"]
[Site "Maastricht"]
[Date "2010.05.22"]
[Round "3"]
[White "Grecuccio, Nicola"]
[Black "Baekelant, Eva"]
[Result "0-1"]
[WhiteElo "2196"]
[BlackElo "2016"]
[PlyCount "61"]
[EventDate "2010.05.21"]
[EventType "swiss"]
[EventRounds "7"]
[EventCountry "NED"]
[Source "P.Boonen"]
[SourceDate "2010.10.01"]

1. e4 e6 2. d4 d5 3. e5 c5 4. c3 Nc6 5. Nf3 Qb6 6. a3 Nh6 7. b4 cxd4 8. cxd4
Nf5 9. Bb2 Bd7 10. Be2 Rc8 11. g4 Nfe7 12. Qd2 Ng6 13. h4 h5 14. g5 Nce7 15.
Nc3 Nf5 16. Rc1 Be7 17. Bd1 Qd8 18. Qe2 Nf4 19. Qf1 a6 20. Ba4 Rc4 21. Bxd7+
Qxd7 22. Nd1 Qc6 23. Rc3 Kd7 24. Kd2 Rc8 25. Kc2 a5 26. bxa5 Qa4+ 27. Kb1 Qxa5
28. Rb3 Qa4 29. Ka2 Rb4 30. Rc3 Rxc3 31. Nxc3 0-1

[Event "ENCI Limburg-open A"]
[Site "Maastricht"]
[Date "2010.05.22"]
[Round "3"]
[White "Hamblok, Roel"]
[Black "Dambacher, Martijn"]
[Result "1/2-1/2"]
[WhiteElo "2145"]
[BlackElo "2486"]
[PlyCount "126"]
[EventDate "2010.05.21"]
[EventType "swiss"]
[EventRounds "7"]
[EventCountry "NED"]
[Source "P.Boonen"]
[SourceDate "2010.10.01"]

1. d4 Nf6 2. Bg5 d5 3. Nd2 Nbd7 4. Ngf3 h6 5. Bh4 c5 6. c3 g5 7. Bg3 Nh5 8. e3
Nxg3 9. hxg3 Bg7 10. Bd3 Qc7 11. Rc1 e6 12. O-O b6 13. c4 dxc4 14. Be4 Rb8 15.
Nxc4 O-O 16. dxc5 Nxc5 17. Bb1 Bb7 18. b4 Rfd8 19. Qe2 Ne4 20. Bxe4 Bxe4 21.
Ncd2 Qb7 22. Nxe4 Qxe4 23. Rc4 Qd3 24. Qxd3 Rxd3 25. Rfc1 Ra3 26. R4c2 Rd8 27.
g4 b5 28. Rc5 a6 29. R5c2 Ra4 30. Rc7 Rxb4 31. Ra7 Rc4 32. Rxc4 bxc4 33. Rxa6
Rc8 34. Ne1 c3 35. Nc2 Rd8 36. Rc6 Rd1+ 37. Kh2 Be5+ 38. g3 Rd2 39. Nb4 Rxf2+
40. Kg1 Rf3 41. Rc4 Rxe3 42. a4 Re1+ 43. Kf2 Ra1 44. Nc6 Ra2+ 45. Kf3 Bf6 46.
a5 Kf8 47. Ke3 Ke8 48. Kd3 Kd7 49. a6 Kd6 50. Nb4 Ra1 51. Rc6+ Kd7 52. Rb6 Be5
53. Rb7+ Bc7 54. Kxc3 Kc8 55. Kc4 Ra5 56. Ra7 Bd6 57. Ra8+ Kc7 58. Ra7+ Kc8 59.
Ra8+ Kd7 60. Ra7+ Bc7 61. Rb7 Kc8 62. Ra7 Kd7 63. Rb7 Kc8 1/2-1/2

[Event "ENCI Limburg-open A"]
[Site "Maastricht"]
[Date "2010.05.22"]
[Round "3"]
[White "Heltzel, Joost"]
[Black "Vandenbergen, Nicolas"]
[Result "1/2-1/2"]
[WhiteElo "2265"]
[BlackElo "2098"]
[PlyCount "88"]
[EventDate "2010.05.21"]
[EventType "swiss"]
[EventRounds "7"]
[EventCountry "NED"]
[Source "P.Boonen"]
[SourceDate "2010.10.01"]

1. e4 c5 2. Nc3 Nc6 3. f4 g6 4. Nf3 Bg7 5. Bb5 Nd4 6. O-O e6 7. d3 a6 8. Ba4 b5
9. Bb3 Ne7 10. Nxd4 Bxd4+ 11. Kh1 d5 12. Ne2 Bg7 13. c3 dxe4 14. dxe4 Qc7 15.
Qe1 Bb7 16. Bc2 O-O 17. Ng1 Rfd8 18. Nf3 b4 19. Bd2 a5 20. Qe3 Ra6 21. Be1 f5
22. Rc1 bxc3 23. Bxc3 Bxc3 24. Qxc3 fxe4 25. Ng5 Nd5 26. Qh3 Bc8 27. Bxe4 Nf6
28. Bb1 Rd4 29. Qe3 Qd6 30. Qe5 Nd5 31. Qxd6 Rxd6 32. Rxc5 Bb7 33. Ne4 Rd8 34.
Rcc1 Ne3 35. Rfe1 Bxe4 36. Rxe3 Bd5 37. Rf1 Rf8 38. Kg1 Rfxf4 39. Rxf4 Rxf4 40.
a3 Rc4 41. Rc3 Rd4 42. Rd3 Rc4 43. Rc3 Rd4 44. Rd3 Rc4 1/2-1/2

[Event "ENCI Limburg-open A"]
[Site "Maastricht"]
[Date "2010.05.22"]
[Round "3"]
[White "Henrichs, Thomas"]
[Black "Miroshnichenko, Evgenij"]
[Result "0-1"]
[WhiteElo "2482"]
[BlackElo "2684"]
[PlyCount "72"]
[EventDate "2010.05.21"]
[EventType "swiss"]
[EventRounds "7"]
[EventCountry "NED"]
[Source "P.Boonen"]
[SourceDate "2010.10.01"]

1. d4 g6 2. c4 Bg7 3. Nf3 c5 4. e4 d6 5. d5 e6 6. h3 Ne7 7. Bd3 O-O 8. Nc3 Nd7
9. Bf4 e5 10. Bd2 f5 11. g3 Nf6 12. Qe2 a6 13. a4 Bd7 14. a5 b5 15. axb6 Qxb6
16. Bc1 h6 17. Kf1 Rf7 18. Kg2 Raf8 19. Nd2 f4 20. Ra3 g5 21. Qd1 g4 22. hxg4
fxg3 23. f3 Ng6 24. Kxg3 h5 25. Be2 Qd8 26. Nf1 hxg4 27. fxg4 Nf4 28. Ne3 N6h5+
29. Rxh5 Nxh5+ 30. gxh5 Bh6 31. Nf5 Bxc1 32. Qxc1 Bxf5 33. exf5 Rg7+ 34. Kh3
Qd7 35. Qe3 Rxf5 36. Kh2 Rf4 0-1

[Event "ENCI Limburg-open A"]
[Site "Maastricht"]
[Date "2010.05.22"]
[Round "3"]
[White "Hoornstra, Hans"]
[Black "Van Vliet, Dennis"]
[Result "0-1"]
[WhiteElo "1978"]
[BlackElo "2104"]
[PlyCount "64"]
[EventDate "2010.05.21"]
[EventType "swiss"]
[EventRounds "7"]
[EventCountry "NED"]
[Source "P.Boonen"]
[SourceDate "2010.10.01"]

1. d4 d5 2. c4 e6 3. Nc3 c5 4. cxd5 exd5 5. Nf3 Nc6 6. g3 Nf6 7. Bg2 Be7 8. O-O
O-O 9. Bg5 c4 10. Ne5 Be6 11. Nxc6 bxc6 12. b3 Qa5 13. Bd2 Qa6 14. bxc4 dxc4
15. e4 Rfd8 16. Be3 Qa5 17. Qc2 Rab8 18. f3 Qa3 19. Bc1 Qa5 20. Bf4 Rb7 21.
Rfd1 Ba3 22. Na4 Rb4 23. Nc5 Rb2 24. Qa4 Qxa4 25. Nxa4 Rb4 26. Nc5 Bb2 27. Nxe6
fxe6 28. Rab1 c3 29. Rxb2 cxb2 30. Rb1 Rdxd4 31. Be5 Rd2 32. Bc3 Rc2 0-1

[Event "ENCI Limburg-open A"]
[Site "Maastricht"]
[Date "2010.05.22"]
[Round "3"]
[White "Hovenga, Alje"]
[Black "Thakoerdien, Jerrel"]
[Result "0-1"]
[WhiteElo "2188"]
[BlackElo "2001"]
[PlyCount "147"]
[EventDate "2010.05.21"]
[EventType "swiss"]
[EventRounds "7"]
[EventCountry "NED"]
[Source "P.Boonen"]
[SourceDate "2010.10.01"]

1. d4 d5 2. c4 e6 3. Nc3 Be7 4. cxd5 exd5 5. Bf4 Nf6 6. Qc2 c6 7. e3 O-O 8. h3
Re8 9. Bd3 Nbd7 10. Nf3 Nf8 11. O-O Ng6 12. Bh2 Bd6 13. Bxd6 Qxd6 14. a3 Bd7
15. b4 a6 16. Na4 Rad8 17. Nc5 Bc8 18. Rfb1 Re7 19. a4 Rde8 20. b5 axb5 21.
axb5 Ne4 22. bxc6 bxc6 23. Ra8 Bf5 24. Rxe8+ Rxe8 25. Rc1 Qf6 26. Nd2 Nd6 27.
Bxf5 Qxf5 28. Qxf5 Nxf5 29. Rb1 Nd6 30. Rb6 Ne7 31. Ra6 Nb5 32. Kf1 f6 33. Ndb3
Kf7 34. Na5 Rc8 35. Rb6 Nd6 36. Ke2 g6 37. Kd3 Ke8 38. f3 Kd8 39. g4 Kc7 40.
Ra6 Nb5 41. Nab3 Re8 42. Ra1 Nc8 43. Na6+ Kd6 44. Nb4 Nb6 45. Ra6 Rb8 46. e4
dxe4+ 47. fxe4 Kc7 48. Na5 Ra8 49. Rxa8 Nxa8 50. Naxc6 Nb6 51. Na5 Kd7 52. Nc4
Nxc4 53. Kxc4 Nd6+ 54. Kd5 Nf7 55. Nd3 Ng5 56. Nf4 Ke7 57. h4 Nf3 58. Ng2 Nh2
59. Ne3 Nf3 60. h5 Ng5 61. e5 fxe5 62. Kxe5 gxh5 63. Nf5+ Kf7 64. gxh5 Nf3+ 65.
Kf4 Nd2 66. Ng3 Nb3 67. d5 Nc5 68. Kf5 Nd7 69. Ne4 h6 70. d6 Nb6 71. Nc5 Nc4
72. d7 Ke7 73. Kg6 Ne5+ 74. Kxh6 0-1

[Event "ENCI Limburg-open A"]
[Site "Maastricht"]
[Date "2010.05.22"]
[Round "3"]
[White "Kempen, Leon"]
[Black "Edeling, Jeroen"]
[Result "0-1"]
[WhiteElo "2018"]
[BlackElo "2114"]
[PlyCount "74"]
[EventDate "2010.05.21"]
[EventType "swiss"]
[EventRounds "7"]
[EventCountry "NED"]
[Source "P.Boonen"]
[SourceDate "2010.10.01"]

1. e4 d6 2. d4 Nf6 3. Nc3 g6 4. Nf3 Bg7 5. h3 O-O 6. Be3 c6 7. Qd2 Re8 8. O-O-O
b5 9. e5 b4 10. exf6 bxc3 11. Qxc3 Bxf6 12. Bc4 Nd7 13. Qd2 Nb6 14. Bb3 a5 15.
a3 a4 16. Ba2 Ba6 17. Rhe1 Rb8 18. Kb1 Bc4 19. Qc3 Bxa2+ 20. Kxa2 Qc8 21. Bc1
Qb7 22. Qd3 Rec8 23. Re2 c5 24. dxc5 Rxc5 25. c3 Nd5 26. Nd4 e5 27. c4 exd4 28.
cxd5 Qxd5+ 29. Ka1 Rcc8 30. f3 Rb3 31. Qe4 Qb5 32. Rc2 Rxa3+ 33. Kb1 Rac3 34.
Rxc3 dxc3 35. Rxd6 c2+ 36. Ka1 Bxb2+ 37. Bxb2 c1=Q+ 0-1

[Event "ENCI Limburg-open A"]
[Site "Maastricht"]
[Date "2010.05.22"]
[Round "3"]
[White "Laarhoven, Thijs"]
[Black "Wiley, Tom E"]
[Result "1/2-1/2"]
[WhiteElo "2226"]
[BlackElo "2281"]
[PlyCount "38"]
[EventDate "2010.05.21"]
[EventType "swiss"]
[EventRounds "7"]
[EventCountry "NED"]
[Source "P.Boonen"]
[SourceDate "2010.10.01"]

1. e4 e6 2. d4 d5 3. exd5 exd5 4. Bd3 Nc6 5. c3 Bd6 6. Qf3 Nce7 7. Bf4 Ng6 8.
Bxd6 Qxd6 9. Nd2 Nf6 10. O-O-O Be6 11. Ne2 O-O-O 12. Qg3 Qd7 13. Nf4 Bf5 14.
Bxf5 Qxf5 15. Qh3 Qxh3 16. Nxh3 Rhe8 17. g3 h6 18. Rhe1 Ng4 19. Nf1 c6 1/2-1/2

[Event "ENCI Limburg-open A"]
[Site "Maastricht"]
[Date "2010.05.22"]
[Round "3"]
[White "Larmuseau, Michiel"]
[Black "Bok, Benjamin"]
[Result "0-1"]
[WhiteElo "2068"]
[BlackElo "2430"]
[PlyCount "100"]
[EventDate "2010.05.21"]
[EventType "swiss"]
[EventRounds "7"]
[EventCountry "NED"]
[Source "P.Boonen"]
[SourceDate "2010.10.01"]

1. e4 e5 2. Nf3 Nc6 3. Bb5 a6 4. Ba4 Nf6 5. O-O b5 6. Bb3 Bc5 7. c3 d6 8. d3 h6
9. Be3 Bxe3 10. fxe3 O-O 11. Nh4 Na5 12. Nf5 Nxb3 13. axb3 d5 14. Qf3 Bxf5 15.
exf5 e4 16. dxe4 Nxe4 17. Rd1 Re8 18. Nd2 Ng5 19. Qf4 c6 20. h4 Nh7 21. b4 Nf6
22. g3 Qb6 23. Re1 Re7 24. Nb3 Re4 25. Qf3 Nd7 26. Rad1 Rae8 27. Rd4 Nf6 28.
Qg2 Ng4 29. Rxe4 Rxe4 30. Nc5 Re8 31. e4 Nf6 32. Kf1 Qc7 33. exd5 Rxe1+ 34.
Kxe1 Qe5+ 35. Kd2 Nxd5 36. Qf3 Nb6 37. b3 Nd5 38. Nxa6 Qe7 39. Nc5 Qa7 40. Kd3
Qa1 41. Ne4 Qb1+ 42. Kd4 Qxb3 43. Qd3 Qa3 44. Qd2 Qa7+ 45. Kd3 Qd7 46. Ke2 Qxf5
47. Qd4 Qxe4+ 48. Qxe4 Nxc3+ 49. Ke3 Nxe4 50. Kxe4 Kf8 0-1

[Event "ENCI Limburg-open A"]
[Site "Maastricht"]
[Date "2010.05.22"]
[Round "3"]
[White "Laurent, Bruno"]
[Black "Hoffmeister, Frank1"]
[Result "1/2-1/2"]
[WhiteElo "2330"]
[BlackElo "2173"]
[PlyCount "31"]
[EventDate "2010.05.21"]
[EventType "swiss"]
[EventRounds "7"]
[EventCountry "NED"]
[Source "P.Boonen"]
[SourceDate "2010.10.01"]

1. e4 c6 2. c4 d5 3. exd5 cxd5 4. cxd5 Qxd5 5. d4 e6 6. Nf3 Nf6 7. Nc3 Qd8 8.
Bd3 Be7 9. O-O O-O 10. a3 Bd7 11. Bg5 Bc6 12. Bc2 Nbd7 13. Qd3 g6 14. Rfe1 Re8
15. Rad1 Nd5 16. Ne4 1/2-1/2

[Event "ENCI Limburg-open A"]
[Site "Maastricht"]
[Date "2010.05.22"]
[Round "3"]
[White "Lesman, Francis"]
[Black "Holm, Sejer"]
[Result "0-1"]
[WhiteElo "2087"]
[BlackElo "2253"]
[PlyCount "72"]
[EventDate "2010.05.21"]
[EventType "swiss"]
[EventRounds "7"]
[EventCountry "NED"]
[Source "P.Boonen"]
[SourceDate "2010.10.01"]

1. d4 d5 2. c4 e6 3. Nc3 Nf6 4. Bg5 Be7 5. e3 h6 6. Bh4 Ne4 7. Bxe7 Qxe7 8.
Nxe4 dxe4 9. a3 O-O 10. Qc2 f5 11. Ne2 e5 12. dxe5 Nc6 13. Nf4 Nxe5 14. h4 c6
15. Qc3 b6 16. Be2 Bb7 17. Rh3 Rad8 18. Rg3 c5 19. Nh5 Rf7 20. Rd1 Rxd1+ 21.
Kxd1 Kh7 22. Kc1 Ng6 23. Rh3 Nxh4 24. Nf4 g5 25. g3 gxf4 26. Rxh4 fxg3 27. fxg3
Rg7 28. Rf4 Qe6 29. Qe1 Bc8 30. Rh4 Ba6 31. g4 fxg4 32. Qg3 Bc8 33. Rh1 Qg6 34.
Rd1 Be6 35. Qe5 g3 36. Rg1 Qf5 0-1

[Event "ENCI Limburg-open A"]
[Site "Maastricht"]
[Date "2010.05.22"]
[Round "3"]
[White "Luncescu, Christian"]
[Black "Hetey, Laszlo"]
[Result "0-1"]
[WhiteElo "2131"]
[BlackElo "2351"]
[PlyCount "114"]
[EventDate "2010.05.21"]
[EventType "swiss"]
[EventRounds "7"]
[EventCountry "NED"]
[Source "P.Boonen"]
[SourceDate "2010.10.01"]

1. e4 e5 2. Bc4 Nc6 3. Nc3 Nf6 4. d3 Na5 5. Qf3 Bb4 6. Nge2 Nxc4 7. dxc4 d6 8.
h3 Be6 9. b3 h6 10. O-O c6 11. Rd1 Qe7 12. Ng3 g6 13. a3 Ba5 14. a4 Bc7 15. Ba3
Rd8 16. Re1 Bb8 17. Rad1 Nh7 18. Nf1 O-O 19. Qg3 Qg5 20. Qxg5 hxg5 21. Re2 Rd7
22. Red2 Rfd8 23. Ne3 Nf6 24. g4 Bc7 25. Rd3 Ba5 26. f3 Ne8 27. Kg2 f6 28. Ne2
Bf7 29. Ng3 Bc7 30. Ne2 Ng7 31. R1d2 Ne6 32. c5 Nf4+ 33. Nxf4 gxf4 34. Nd1 d5
35. c4 Be6 36. cxd5 cxd5 37. exd5 Rxd5 38. Rxd5 Bxd5 39. Kf2 Bxb3 40. Rxd8+
Bxd8 41. Nc3 Ba5 42. Nb5 Bxa4 43. Nxa7 Bd7 44. Ke2 Bc7 45. Bb4 Bb8 46. c6 bxc6
47. Bc5 Kf7 48. Kd3 f5 49. gxf5 gxf5 50. Bb6 Kg6 51. Kc4 Kh5 52. Bf2 e4 53. Bb6
Kh4 54. Kd4 exf3 55. Kd3 Kxh3 56. Kd2 Kg2 57. Ke1 Bd6 0-1

[Event "ENCI Limburg-open A"]
[Site "Maastricht"]
[Date "2010.05.22"]
[Round "3"]
[White "Maciol, Ryszard"]
[Black "Favier, Alain"]
[Result "1-0"]
[WhiteElo "2222"]
[BlackElo "2097"]
[PlyCount "75"]
[EventDate "2010.05.21"]
[EventType "swiss"]
[EventRounds "7"]
[EventCountry "NED"]
[Source "P.Boonen"]
[SourceDate "2010.10.01"]

1. d4 d5 2. c4 c6 3. Nf3 Nf6 4. Nc3 e6 5. Bg5 Nbd7 6. cxd5 exd5 7. e3 Be7 8.
Bd3 O-O 9. Qc2 Re8 10. Ne5 Nf8 11. O-O-O Ne4 12. Bxe7 Qxe7 13. Nxe4 dxe4 14.
Bc4 Be6 15. Kb1 f6 16. Bxe6+ Qxe6 17. Nc4 a5 18. Nb6 Rad8 19. Qc5 Nd7 20. Qxa5
Nxb6 21. Qxb6 Rd5 22. Qb3 Ra8 23. Rc1 Raa5 24. Rc5 b6 25. Rxa5 bxa5 26. Rc1 Kf7
27. Qb7+ Kg6 28. Qxc6 Qf5 29. g4 Qd7 30. Qxd7 Rxd7 31. Rc5 Ra7 32. Kc2 Kf7 33.
b3 Ke6 34. Kc3 Kd6 35. Kc4 Ra8 36. a3 Ra7 37. Kb5 Ra8 38. Ka4 1-0

[Event "ENCI Limburg-open A"]
[Site "Maastricht"]
[Date "2010.05.22"]
[Round "3"]
[White "Memeti, Kastriot"]
[Black "Larmuseau, Maarten"]
[Result "1/2-1/2"]
[WhiteElo "2202"]
[BlackElo "2267"]
[PlyCount "128"]
[EventDate "2010.05.21"]
[EventType "swiss"]
[EventRounds "7"]
[EventCountry "NED"]
[Source "P.Boonen"]
[SourceDate "2010.10.01"]

1. d4 Nf6 2. Nf3 c5 3. c3 e6 4. Bf4 b6 5. e3 Bb7 6. Bd3 Be7 7. h3 d6 8. O-O
Nbd7 9. Nbd2 Qc7 10. Bh2 O-O 11. Qe2 Rac8 12. a3 Qb8 13. e4 cxd4 14. cxd4 Rfd8
15. Rfe1 e5 16. Rac1 Bf8 17. Bc4 h6 18. b4 Re8 19. Qe3 Qa8 20. Qb3 Re7 21. dxe5
Nxe5 22. Nxe5 dxe5 23. f3 a6 24. Qb2 b5 25. Bb3 Qa7+ 26. Kh1 Rxc1 27. Rxc1 Qe3
28. Nf1 Qg5 29. Qd2 Qg6 30. Qc3 Qg5 31. Qe3 Nh5 32. Qxg5 hxg5 33. Ne3 Nf4 34.
Bxf4 gxf4 35. Nd5 Rd7 36. Kg1 Bd6 37. Kf1 Bb8 38. Rd1 Kf8 39. Nc3 Rxd1+ 40.
Bxd1 Ba7 41. Bb3 Bd4 42. Bd5 Bc8 43. Nb1 f5 44. Ke2 g5 45. Kd3 g4 46. hxg4 fxg4
47. fxg4 Kg7 48. g5 Kg6 49. Nd2 Bb2 50. Nf3 Bxa3 51. Nxe5+ Kxg5 52. Nc6 Bb7 53.
Kc3 Bxc6 54. Bxc6 Kf6 55. Bb7 Ke5 56. Bxa6 Kxe4 57. Bxb5 Kd5 58. Be8 Kd6 59.
Kc4 Kc7 60. Kb5 Kb8 61. Ka5 Bc1 62. b5 Bd2+ 63. Ka6 Be3 64. b6 Bd4 1/2-1/2

[Event "ENCI Limburg-open A"]
[Site "Maastricht"]
[Date "2010.05.22"]
[Round "3"]
[White "Meyer, Henri"]
[Black "Bus, Tom"]
[Result "1/2-1/2"]
[WhiteElo "1978"]
[BlackElo "2185"]
[PlyCount "48"]
[EventDate "2010.05.21"]
[EventType "swiss"]
[EventRounds "7"]
[EventCountry "NED"]
[Source "P.Boonen"]
[SourceDate "2010.10.01"]

1. d4 Nf6 2. c4 c5 3. d5 b5 4. cxb5 a6 5. e3 g6 6. Nc3 Bg7 7. bxa6 O-O 8. f3 d6
9. Bb5 Bxa6 10. Bxa6 Nxa6 11. Nge2 Qb6 12. O-O Nb4 13. g3 Qa6 14. Nf4 g5 15.
Nh3 h6 16. f4 gxf4 17. Nxf4 Qc4 18. Nh5 Nxa2 19. Rxa2 Rxa2 20. Nxa2 Qxa2 21.
Rxf6 Bxf6 22. Nxf6+ exf6 23. Qg4+ Kh8 24. Qf5 Kg7 1/2-1/2

[Event "ENCI Limburg-open A"]
[Site "Maastricht"]
[Date "2010.05.22"]
[Round "3"]
[White "Michiels, Bart"]
[Black "Nijboer, Friso"]
[Result "0-1"]
[WhiteElo "2459"]
[BlackElo "2567"]
[PlyCount "136"]
[EventDate "2010.05.21"]
[EventType "swiss"]
[EventRounds "7"]
[EventCountry "NED"]
[Source "P.Boonen"]
[SourceDate "2010.10.01"]

1. e4 c5 2. Nf3 Nc6 3. d4 cxd4 4. Nxd4 Nf6 5. Nc3 d6 6. Bc4 Qb6 7. Nb3 e6 8.
O-O Be7 9. Be3 Qc7 10. f4 a6 11. a4 b6 12. Be2 O-O 13. Bf3 Rb8 14. Qe2 Nd7 15.
Rad1 Nc5 16. Nd4 Bd7 17. Ra1 Bf6 18. Rfd1 Rfd8 19. Qf2 Nb4 20. Rd2 e5 21. Nf5
Bxf5 22. fxe5 dxe5 23. Rxd8+ Rxd8 24. exf5 e4 25. Nxe4 Bxb2 26. Rb1 Nxe4 27.
Bxe4 Qe5 28. Qf4 Qxf4 29. Bxf4 Re8 30. Rxb2 Rxe4 31. Bc7 h5 32. Bxb6 Rc4 33. c3
Nd3 34. Rc2 Rxa4 35. Kf1 Re4 36. g3 Re1+ 37. Kg2 Rb1 38. Bf2 a5 39. Rd2 Nxf2
40. Rxf2 Rb5 41. c4 Rc5 42. Rc2 Kf8 43. f6 gxf6 44. Kf3 Re5 45. c5 Ke7 46. c6
Kd8 47. c7+ Kc8 48. Rc6 Re6 49. Rc5 Ra6 50. Rxh5 a4 51. Rc5 a3 52. Rc1 a2 53.
Ra1 Kxc7 54. Ke4 Kd6 55. Kd4 f5 56. Kc3 Ke5 57. Kb2 f4 58. gxf4+ Kxf4 59. Rf1+
Kg4 60. Ka1 f5 61. h3+ Kg5 62. h4+ Kg4 63. h5 f4 64. Rh1 Rh6 65. Kxa2 f3 66.
Kb2 Rxh5 67. Rg1+ Kf4 68. Kc3 f2 0-1

[Event "ENCI Limburg-open A"]
[Site "Maastricht"]
[Date "2010.05.22"]
[Round "3"]
[White "Nijs, Nils"]
[Black "Ocantos, Manuel"]
[Result "1-0"]
[WhiteElo "2250"]
[BlackElo "2125"]
[PlyCount "66"]
[EventDate "2010.05.21"]
[EventType "swiss"]
[EventRounds "7"]
[EventCountry "NED"]
[Source "P.Boonen"]
[SourceDate "2010.10.01"]

1. d4 Nf6 2. c4 g6 3. Nc3 Bg7 4. Nf3 d6 5. Bg5 O-O 6. e3 c5 7. d5 e6 8. Nd2
exd5 9. cxd5 h6 10. Bh4 Re8 11. Be2 Na6 12. O-O Nc7 13. e4 b6 14. f4 Ba6 15.
Bxa6 Nxa6 16. Qf3 Qd7 17. e5 dxe5 18. fxe5 Nh7 19. d6 Bxe5 20. Nd5 f5 21. Nc4
Bd4+ 22. Bf2 b5 23. Bxd4 bxc4 24. Ne7+ Kf7 25. Nxf5 gxf5 26. Qh5+ Ke6 27. Bc3
Kd5 28. Qd1+ Ke6 29. Qe2+ Kd5 30. Qd1+ Ke6 31. Re1+ Kf7 32. Qh5+ Kg8 33. Qg6+
Kf8 {.....} 1-0